Ochranca prírody a pamiatok metodický zpravodaj pre Západoslovenský kraj

Bibliographic Details
Format: Journal
Language:Slovak
PhysicalDescription:9 zv. 30 cm
Published: Bratislava Krajské stredisko štátnej pamiatkovej starostlivosti a ochrany prírody 1961-1969
Subjects:

MARC

LEADER 00000cas a2200000 a 4500
001 vtls008883401
003 SK-MaSNL
005 20260425194214.0
008 141119d19611969xo mr|p 0 0 b0slo
035 |a (SVKBB03)vtls000130691 
040 |a SVKBB  |b slo  |c SVKBB  |d SNK  |e AACR2 
041 0 |a slo 
044 |a xo  |c SK 
072 7 |a 502  |x Životné prostredie a jeho ochrana  |2 konspekt 
072 7 |a 7.01/.09  |x Umenie  |2 konspekt 
080 |a 502.17  |2 2001 
080 |a 050  |2 2001 
080 |a 7.025.3/.4  |2 2001 
245 0 0 |a Ochranca prírody a pamiatok  |b metodický zpravodaj pre Západoslovenský kraj 
260 |a Bratislava  |b Krajské stredisko štátnej pamiatkovej starostlivosti a ochrany prírody  |c 1961-1969 
300 |a 9 zv.  |c 30 cm 
310 |a 1x mesačne 
362 0 |a 1 (1961)-roč. IX, č. 12 (1969) 
500 |a Od r. 1965 bez podnázvu 
500 |a Zod. red.: František Pížl 
500 |a Obsahuje prílohy 
525 |a Obsahuje prílohu: Príroda Západoslovenského kraja v chránených územiach 
650 0 7 |a ochrana prírody  |2 SNKPH  |9 3778 
650 0 7 |a ochrana pamiatok  |2 SNKPH  |9 29625 
655 7 |a odborné časopisy  |2 SNKPH  |9 70505 
700 1 |a Pížl, František  |4 lso  |9 270486 
910 |a snk 
916 |a 1962-1969 
999 |c 6965  |d 8895 
952 |t č. 1-12   |a SNK  |b SNK  |y PREZ  |7 0  |p 17A0070967  |o snkČSB 1551/9/1969  |i snkČSP 159/70  |f 1  |0 0  |1 0  |4 0  |d 1997-06-04  |l 0  |r 2005-01-02 00:00:00  |w 2026-02-21 
952 |t č. 1-12  |a SNK  |b SNK  |y PREZ  |7 0  |p 17A1348310  |o snkČSB 1551/8/1968 D1  |i snkČSP 560/69  |0 0  |1 0  |4 0  |d 2022-02-15  |l 0  |r 2026-02-21 20:02:11  |w 2026-02-21 
952 |t č. 1-12  |a SNK  |b SNK  |y PREZ  |7 0  |p 17A1348308  |o snkČSB 1551/9/1969 D1  |i snkČSP 344/70  |0 0  |1 0  |4 0  |d 2022-02-15  |l 0  |r 2026-02-21 20:02:11  |w 2026-02-21 
952 |t č. 1-12  |a SNK  |b SNK  |y PREZ  |7 0  |p 17A0698626  |o snkČSB 1551/4/1964 D1  |i snkČSP 680/65  |0 0  |1 0  |4 0  |d 2011-07-04  |l 0  |r 2026-02-21 20:06:37  |w 2026-02-21 
952 |t č. 1-12  |a SNK  |b SNK  |y PREZ  |7 0  |p 17A0708351  |o snkČSB 1551/7/1967 D1  |i snkČSP 525/68  |0 0  |1 0  |4 0  |d 2011-07-04  |l 0  |r 2026-02-21 20:06:37  |w 2026-02-21 
952 |t č. 1-12  |a SNK  |b SNK  |y PREZ  |7 0  |p 17A0306165  |o snkČSB 1551/4/1964  |i snkČSP 679/65  |f 1  |0 0  |1 0  |4 0  |d 2001-07-04  |l 0  |r 2005-01-02 00:00:00  |w 2026-02-21 
952 |t č. 1-12  |a SNK  |b SNK  |y PREZ  |7 0  |p 17A1052843  |o snkČSB 1551/5/1965 D1  |0 0  |1 0  |4 0  |d 2013-02-15  |l 0  |r 2026-02-21 20:27:08  |w 2026-02-21 
952 |t č. 1-12  |a SNK  |b SNK  |y PREZ  |7 0  |p 17A1052589  |o snkČSB 1551/6/1966 D1  |i snkČSP 729/67  |0 0  |1 0  |4 0  |d 2013-02-15  |l 0  |r 2026-02-21 20:27:08  |w 2026-02-21 
952 |t č. 1-12, neúplné  |a SNK  |b SNK  |y PREZ  |7 0  |p 17A0306162  |o snkČSB 1551/2/1962  |i snkČSP 906/63  |z Chýba č. 5,7  |f 1  |0 0  |1 0  |4 0  |d 2001-07-04  |l 0  |r 2005-01-02 00:00:00  |w 2026-02-21 
952 |t č. 1-12  |a SNK  |b SNK  |y PREZ  |7 0  |p 17A0306164  |o snkČSB 1551/3/1963  |i snkČSP 575/64  |f 1  |0 0  |1 0  |4 0  |d 2001-07-04  |l 0  |r 2005-01-02 00:00:00  |w 2026-02-21 
952 |t č. 1-12  |a SNK  |b SNK  |y PREZ  |7 0  |p 17A0306150  |o snkČSB 1551/5/1965  |i snkČSP 728/67  |f 1  |0 0  |1 0  |4 0  |d 2001-07-04  |l 0  |r 2005-01-02 00:00:00  |w 2026-02-21 
952 |t č. 1-12 + príl.  |a SNK  |b SNK  |y PREZ  |7 0  |p 17A0306145  |o snkČSB 1551/6/1966  |i snkČSP 728/67  |f 1  |0 0  |1 0  |4 0  |d 2001-07-04  |l 0  |r 2005-01-02 00:00:00  |w 2026-02-21 
952 |t č. 1-12  |a SNK  |b SNK  |y PREZ  |7 0  |p 17A0306185  |o snkČSB 1551/7/1967  |i snkČSP 524/68  |f 1  |0 0  |1 0  |4 0  |d 2001-07-04  |l 0  |r 2005-01-02 00:00:00  |w 2026-02-21 
952 |t č. 1-12  |a SNK  |b SNK  |y PREZ  |7 0  |p 17A0306152  |o snkČSB 1551/8/1968  |i snkČSP 559/69  |f 1  |0 0  |1 0  |4 0  |d 2001-07-04  |l 0  |r 2005-01-02 00:00:00  |w 2026-02-21 
952 |a SNK  |b SNK  |y PREZ  |7 0  |p 17A0306144  |o snkČSB 1551/1963/príl.  |i snkF 2014/18593  |8 5  |z príloha k r. 1963 Ochranca prírody a pamiatok  |f 1  |0 0  |1 0  |4 0  |d 2001-07-04  |l 0  |r 2005-01-02 00:00:00  |w 2026-02-21 
952 |t č. 1-12  |a SNK  |b SNK  |y PREZ  |7 0  |p 17A1153568  |o snkČSB 1551/3/1963 D1  |i snkČSP 576/64  |0 0  |1 0  |4 0  |d 2018-01-26  |l 0  |r 2026-02-21 22:26:14  |w 2026-02-21